000 00813cam a2200253 i 4500
999 _c5650
_d5650
001 325997
003 OSt
005 20220511103456.0
008 750724s1975 nyua b 000 0 eng
010 _a 75000718
020 _a0679302824
040 _aDLC
_cALUPE UNIVERSITY
_dDLC
050 0 0 _aLB1050
_b.L29 1975
082 0 0 _a372.4
100 1 _aLandeck, Beatrice.
245 1 0 _aLearn to read, read to learn :
_bpoetry and prose from Afro-rooted sources /
_cBeatrice Landeck ; introd. by Carman Moore ; drawings by Michael Heming.
260 _aNew York :
_bMcKay,
_c[1975]
300 _axxv, 226 p. :
_bill. ;
_c21 cm.
504 _aBibliography: p. 207-226.
650 0 _aReading.
650 0 _aFolklore
_xStudy and teaching.
906 _a7
_bcbc
_corignew
_d2
_eocip
_f19
_gy-gencatlg
942 _2lcc
_cBK
_nJO